00352nam a2200121Ia 4500008004100000100004100041245004300082260005000125300000900175650002400184942000700208999001500215190216s9999||||xx |||||||||||||| ||und|| a"Colin N Banwell , Elaine M Mc Cash" 0aFundamentals Of Molecular Spectroscopy bTata Mcgraw Hill Publishing Company Ltdc1994 a308p aChemistry-Chemistry cBK c2409d2409